Bekannte Persönlichkeiten aus Bayern - Statistiken

Allgemein
  • Dieses Quiz wurde 230 mal gespielt
  • Das Durchschnittsergebnis liegt bei 12 aus 20
Antwortstatistiken
Geburtsjahr Geburtsort Hinweis Person % Korrekt
1950 Bamberg Moderator (u.a. "Wetten dass..?") Thomas Gottschalk
93%
1945 München ehemaliger Fußballspieler und -trainer, der "Kaiser" Franz Beckenbauer
92%
1927 Marktl emeritierter Papst Benedikt XVI.
87%
1978 Würzburg ehemaliger Basketballspieler, erfolgreichster deutscher NBA-Spieler Dirk Nowitzki
85%
1945 Nördlingen ehemaliger Fußballer, „Bomber der Nation“, Rekordtorschütze der Bundesliga Gerd Müller
84%
1900 / 1898 Herzogenaurach Brüder, Gründer zweier Sportartikelhersteller Adolf & Rudolf Dassler
78%
1968 München Komiker, Schauspieler und Filmemacher (u.a. "Der Schuh des Manitu", "(T)Raumschiff Surprise") Michael Herbig
78%
1471 Nürnberg Maler (malte unter anderem einen Feldhasen und Betende Hände) Albrecht Dürer
71%
1961 Erlangen ehemaliger Fußballer, Rekordnationalspieler Lothar Matthäus
70%
1923 Fürth Politiker, US-amerikanischer Außenminister von 1973 bis 1977, Friedensnobelpreisträger Henry Kissinger
62%
1944 Landau an der Isar Schauspielerin ("Winnetou und das Halbblut Apanatschi", "Zur Sache, Schätzchen", "Fack ju Göhte") Uschi Glas
62%
1898 Augsburg Dramatiker ("Mutter Courage", "Der gute Mensch von Sezuan"), Begründer des epischen Theaters Bertolt Brecht
58%
1987 Garmisch-Partenkirchen ehemalige Biathletin, Olympiasiegerin und 12-fache Weltmeisterin, mehrmals deutsche Sportlerin des Jahres Magdalena Neuner
54%
1492 oder 1493 (Bad) Staffelstein Rechenmeister, Vater des modernen Rechnens Adam Ries
50%
1965 Erlangen Moderatorin (aktuelles sportstudio) Katrin Müller-Hohenstein
46%
1882 München Komiker, Volkssänger, Autor und Filmproduzent Karl Valentin
44%
1942 Burghausen Schauspielerin ("Die Kommisarin", "Die Unberührbare", "Schwarzwaldklinik") Hannelore Elsner
29%
1901 Würzburg Physiker, Begründer der Quantenmechanik Werner Heisenberg
23%
1882 Erlangen Mathematikerin, Mitbegründerin der modernen Algebra Emmy Noether
7%
1538 Bamberg Mathematiker, leitete die Umstellung zum julianischen zum gregorianischen Kalender Christophorus Clavius
3%
Keine übereinstimmenden Quizze gefunden
Verteilung der Resultate
Anzahl Personen mit jedem Resultat
Perzentil nach korrekt beantworteten Fragen
Ihre Resultats-Entwicklung
Sie haben dieses Quiz noch nicht gespielt